[Event "SLO-chT Central Superliga 15th"]
[Site "Slovenia"]
[Date "2014.09.11"]
[Round "1.2"]
[White "Vidic, Teja"]
[Black "Ogradi, Gregor"]
[Result "1-0"]
[WhiteElo "1985"]
[BlackElo "2063"]
[PlyCount "49"]
[EventDate "2014.09.11"]
[EventType "team-tourn"]
[EventRounds "9"]
[EventCountry "SLO"]
[SourceTitle "EXT 2022"]
[Source "ChessBase"]
[SourceDate "2021.10.06"]
[SourceVersion "1"]
[SourceVersionDate "2021.10.06"]
[SourceQuality "1"]
[WhiteTeam "Komenda Pogi"]
[BlackTeam "Komenda Popotnik"]
[WhiteTeamCountry "SLO"]
[BlackTeamCountry "SLO"]

1. e4 e5 2. Nf3 Nc6 3. d4 exd4 4. Nxd4 Qf6 5. Be3 Bc5 6. c3 Nge7 7. Bc4 Ne5 8. Be2 Qg6 9. 0-0 d6 10. Kh1 0-0 11. f4 Ng4 12. Bg1 Bxd4 13. f5 Qh6 14. cxd4 Ne3 15. Bxe3 Qxe3 16. f6 gxf6 17. Nc3 f5 18. Rf3 Qh6 19. exf5 Bxf5 20. Qb3 Qe6 21. Bc4 Qd7 22. Raf1 Be6 23. Ne4 Bxc4 24. Nf6+ Kg7 25. Qc2 1-0

[Event "Ljubljana-chT 67th Superliga"]
[Site "Ljubljana"]
[Date "2014.01.30"]
[Round "4.3"]
[White "Ogradi, Gregor"]
[Black "Ivanusa, Blaz"]
[Result "1-0"]
[WhiteElo "2063"]
[BlackElo "2079"]
[PlyCount "71"]
[EventDate "2014.01.09"]
[EventType "team-tourn"]
[EventRounds "9"]
[EventCountry "SLO"]
[SourceTitle "EXT 2022"]
[Source "ChessBase"]
[SourceDate "2021.10.06"]
[SourceVersion "1"]
[SourceVersionDate "2021.10.06"]
[SourceQuality "1"]
[WhiteTeam "Komenda Popotnik"]
[BlackTeam "Klinicni Center"]
[WhiteTeamCountry "SLO"]
[BlackTeamCountry "SLO"]

1. Nf3 f5 2. d3 d6 3. e4 e5 4. Nc3 Nf6 5. g3 Nc6 6. Bg2 Be7 7. 0-0 0-0 8. Nh4 fxe4 9. dxe4 g6 10. h3 Be6 11. Nf3 Bc4 12. Re1 Qd7 13. b3 Be6 14. Bh6 Rfe8 15. Ng5 Bf8 16. Bxf8 Rxf8 17. Nd5 Nd8 18. Qd2 Kg7 19. f4 Bg8 20. Qc3 Nc6 21. Rad1 Rae8 22. Nf3 exf4 23. Nxf6 Rxf6 24. e5 Rfe6 25. gxf4 Kh6 26. Qd2 Kg7 27. Ng5 R6e7 28. Qc3 Kh6 29. Ne4 Qf5 30. Nf6 Qxf4 31. Nxe8 Rxe8 32. exd6 Rxe1+ 33. Rxe1 Qxd6 34. Bxc6 bxc6 35. Qe3+ Kh5 36. Qe8 1-0

[Event "SLO-chT1 West"]
[Site "Ljubljana"]
[Date "2013.10.20"]
[Round "6"]
[White "Skok, Joze"]
[Black "Ogradi, Gregor"]
[Result "0-1"]
[WhiteElo "2005"]
[BlackElo "2030"]
[PlyCount "72"]
[EventDate "2013.09.27"]
[EventType "team-tourn"]
[EventRounds "9"]
[EventCountry "SLO"]
[SourceTitle "EXT 2019"]
[Source "ChessBase"]
[SourceDate "2018.10.10"]
[SourceVersion "1"]
[SourceVersionDate "2018.10.10"]
[SourceQuality "1"]
[WhiteTeam "Domzale"]
[BlackTeam "Komenda"]
[WhiteTeamCountry "SLO"]
[BlackTeamCountry "SLO"]

1. e4 e5 2. Nf3 Nc6 3. Bb5 Nge7 4. 0-0 g6 5. d4 exd4 6. Nxd4 Bg7 7. c3 0-0 8. Bg5 h6 9. Bh4 Qe8 10. Re1 a6 11. Ba4 b5 12. Bb3 Rb8 13. e5 Na5 14. Bf6 Nxb3 15. axb3 Rb6 16. Bxg7 Kxg7 17. Nd2 c5 18. N4f3 d5 19. exd6 Rxd6 20. Qe2 Re6 21. Qd3 Nc6 22. Qd5 Qe7 23. Rxe6 Qxe6 24. Qxc5 Rd8 25. Re1 Qd7 26. h3 Qb7 27. Ne4 Be6 28. Ne5 Na5 29. b4 Rd5 30. Qe3 Rxe5 31. bxa5 f5 32. Qd4 Qd5 33. Qa7+ Bf7 34. Qxa6 fxe4 35. Qc8 Qd2 36. Re3 Rf5 0-1

[Event "SLO-chT1 West"]
[Site "Ljubljana"]
[Date "2013.09.29"]
[Round "3"]
[White "Ogradi, Gregor"]
[Black "Kerma, Simon"]
[Result "1-0"]
[WhiteElo "2030"]
[BlackElo "2107"]
[PlyCount "141"]
[EventDate "2013.09.27"]
[EventType "team-tourn"]
[EventRounds "9"]
[EventCountry "SLO"]
[SourceTitle "EXT 2019"]
[Source "ChessBase"]
[SourceDate "2018.10.10"]
[SourceVersion "1"]
[SourceVersionDate "2018.10.10"]
[SourceQuality "1"]
[WhiteTeam "Komenda"]
[BlackTeam "Val Koper"]
[WhiteTeamCountry "SLO"]
[BlackTeamCountry "SLO"]

1. e4 c5 2. Nf3 d6 3. d4 cxd4 4. Nxd4 Nf6 5. Nc3 g6 6. Be3 Bg7 7. f3 0-0 8. Qd2 Nc6 9. 0-0-0 d5 10. Kb1 e5 11. Nxc6 bxc6 12. exd5 cxd5 13. Nxd5 Bf5 14. Bc4 Rc8 15. Qb4 Nxd5 16. Rxd5 Bxc2+ 17. Ka1 Qc7 18. Rc5 Qd6 19. Bxf7+ Kh8 20. Qc3 Bf5 21. Bd5 Rxc5 22. Qxc5 Qxc5 23. Bxc5 Rd8 24. Bb3 e4 25. Rd1 Rc8 26. Bxa7 Be5 27. a4 exf3 28. gxf3 Kg7 29. Bd4 Kf6 30. f4 Bxd4 31. Rxd4 Rc1+ 32. Ka2 Rh1 33. a5 Bb1+ 34. Ka3 Bf5 35. Kb4 Bc8 36. Rd8 Bg4 37. a6 Ra1 38. Bc4 Bf3 39. Kb5 Kf5 40. Bd5 Be2+ 41. Bc4 Bxc4+ 42. Kxc4 Rxa6 43. b4 Kxf4 44. Kc5 Ra2 45. Rd4+ Ke5 46. Rh4 Re2 47. Kb6 h5 48. b5 Rb2 49. Kc6 Re2 50. Kb7 Rb2 51. b6 Kd6 52. Rh3 Kc5 53. Rc3+ Kd4 54. Rg3 Rxh2 55. Rxg6 Rb2 56. Rh6 Kc5 57. Rxh5+ Kd6 58. Rh6+ Kd7 59. Kb8 Rb1 60. b7 Ra1 61. Rh4 Rb1 62. Rd4+ Kc6 63. Rc4+ Kd7 64. Rc2 Rb3 65. Rd2+ Ke7 66. Rd4 Rb2 67. Kc7 Rc2+ 68. Kb6 Rb2+ 69. Kc6 Ke8 70. Rd5 Rc2+ 71. Kb6 1-0

[Event "Ljubljana-chT 66th Superliga"]
[Site "Ljubljana"]
[Date "2013.01.17"]
[Round "2.4"]
[White "Nadvesnik, Vilma"]
[Black "Ogradi, Gregor"]
[Result "1-0"]
[WhiteElo "1885"]
[BlackElo "2066"]
[PlyCount "91"]
[EventDate "2013.01.10"]
[EventType "team-tourn"]
[EventRounds "9"]
[EventCountry "SLO"]
[SourceTitle "EXT 2022"]
[Source "ChessBase"]
[SourceDate "2021.10.06"]
[SourceVersion "1"]
[SourceVersionDate "2021.10.06"]
[SourceQuality "1"]
[WhiteTeam "Domzale SD"]
[BlackTeam "Komenda Popotnik"]
[WhiteTeamCountry "SLO"]
[BlackTeamCountry "SLO"]

1. e4 e5 2. Nf3 Nc6 3. Bb5 Nf6 4. Nc3 Bd6 5. d3 h6 6. h3 0-0 7. 0-0 Re8 8. Be3 a6 9. Bxc6 dxc6 10. Qd2 c5 11. a4 Be6 12. b3 Nh5 13. Rfd1 Qf6 14. Kh2 Rad8 15. Rab1 g5 16. Ng1 Nf4 17. f3 Qg7 18. Qf2 b6 19. Nge2 f6 20. g4 h5 21. Bxf4 exf4 22. Kg2 Be5 23. Rh1 h4 24. Nd1 Qe7 25. Ndc3 Qd6 26. Rhe1 Qc6 27. Rec1 b5 28. axb5 axb5 29. Rd1 Rd7 30. Na2 Ra8 31. Nac1 Rad8 32. c3 Qb6 33. b4 Bd6 34. bxc5 Bxc5 35. d4 Qb8 36. Nd3 Ba7 37. Qe1 Bc4 38. Nb4 Qb7 39. d5 Bc5 40. Nc6 Re8 41. Ned4 Ra8 42. Rd2 Ra3 43. Rdb2 b4 44. Nxb4 Bxb4 45. cxb4 Qa7 46. Ne6 1-0

[Event "SLO-chT Cup"]
[Site "Ljubljana"]
[Date "2012.09.14"]
[Round "1.13"]
[White "Ogradi, Gregor"]
[Black "Zupe, Miran"]
[Result "1/2-1/2"]
[WhiteElo "2077"]
[BlackElo "2330"]
[PlyCount "54"]
[EventDate "2012.09.14"]
[EventType "team-swiss"]
[EventRounds "5"]
[EventCountry "SLO"]
[SourceTitle "EXT 2015"]
[Source "ChessBase"]
[SourceDate "2014.11.20"]
[SourceVersion "1"]
[SourceVersionDate "2014.11.20"]
[SourceQuality "1"]
[WhiteTeam "Komenda"]
[BlackTeam "Maribor Branik"]
[WhiteTeamCountry "SLO"]
[BlackTeamCountry "SLO"]

1. e4 e5 2. Nf3 d6 3. d4 Nd7 4. Nc3 c6 5. Bc4 Be7 6. 0-0 Ngf6 7. Re1 0-0 8. a4 b6 9. d5 cxd5 10. Nxd5 Nxd5 11. Bxd5 Rb8 12. h3 Nf6 13. Bb3 Bb7 14. Qd3 Nd7 15. Be3 Kh8 16. Nd2 Qc7 17. Nf1 Nc5 18. Bxc5 Qxc5 19. Ne3 g6 20. Red1 Kg7 21. Bd5 Bg5 22. Nc4 Ba6 23. b3 f5 24. exf5 Rxf5 25. Bf3 Bxc4 26. Qxc4 Qxc4 27. bxc4 Rd8 1/2-1/2

[Event "SLO-chT Central Superliga 12th"]
[Site "Slovenia"]
[Date "2011.09.29"]
[Round "3.3"]
[White "Jerina, Anton"]
[Black "Ogradi, Gregor"]
[Result "0-1"]
[WhiteElo "1951"]
[BlackElo "2080"]
[PlyCount "76"]
[EventDate "2011.09.08"]
[EventType "team-tourn"]
[EventRounds "7"]
[EventCountry "SLO"]
[SourceTitle "EXT 2022"]
[Source "ChessBase"]
[SourceDate "2021.10.06"]
[SourceVersion "1"]
[SourceVersionDate "2021.10.06"]
[SourceQuality "1"]
[WhiteTeam "Domzale SD"]
[BlackTeam "Komenda Popotnik"]
[WhiteTeamCountry "SLO"]
[BlackTeamCountry "SLO"]

1. d4 Nf6 2. c4 g6 3. Nc3 Bg7 4. Nf3 d6 5. e4 0-0 6. Bd3 Bg4 7. h3 Bxf3 8. Qxf3 Nc6 9. Be3 Nd7 10. Ne2 Nde5 11. dxe5 Nxe5 12. Qg3 Nxd3+ 13. Kd2 Nxb2 14. Rac1 c5 15. Nf4 Qa5+ 16. Ke2 Qxa2 17. Rc2 Qb3 18. Rhc1 e6 19. h4 b5 20. h5 bxc4 21. hxg6 hxg6 22. Rd2 Nd3 23. Nxd3 cxd3+ 24. Kf3 d5 25. Qh4 dxe4+ 26. Qxe4 Rfd8 27. Rxc5 a5 28. Rc7 Qd5 29. Bf4 a4 30. Qxd5 Rxd5 31. Ra2 a3 32. Bd2 Ra4 33. g4 Rb5 34. Bc3 Bxc3 35. Rxc3 d2 36. Ke2 Rb2 37. Rxb2 axb2 38. Rb3 Ra1 0-1

[Event "Ljubljana-chT 64th Superliga"]
[Site "Ljubljana"]
[Date "2011.01.13"]
[Round "1.3"]
[White "Ogradi, Gregor"]
[Black "Vidic, Teja"]
[Result "1-0"]
[WhiteElo "2075"]
[BlackElo "1766"]
[PlyCount "73"]
[EventDate "2011.01.13"]
[EventType "team-tourn"]
[EventRounds "9"]
[EventCountry "SLO"]
[SourceTitle "EXT 2022"]
[Source "ChessBase"]
[SourceDate "2021.10.06"]
[SourceVersion "1"]
[SourceVersionDate "2021.10.06"]
[SourceQuality "1"]
[WhiteTeam "Komenda Popotnik"]
[BlackTeam "Komenda Pogi"]
[WhiteTeamCountry "SLO"]
[BlackTeamCountry "SLO"]

1. e4 e5 2. Nf3 Nc6 3. Bb5 a6 4. Ba4 Nf6 5. 0-0 b5 6. Bb3 Bb7 7. d3 Be7 8. Nc3 d6 9. Ng5 0-0 10. f4 exf4 11. Bxf4 Nd4 12. Kh1 Nxb3 13. axb3 h6 14. Nf3 c5 15. Ne2 Nh5 16. Qd2 d5 17. e5 Nxf4 18. Qxf4 d4 19. Ng3 Qd7 20. Nf5 Kh7 21. Rae1 Rae8 22. h4 Qd5 23. Re2 f6 24. e6 g5 25. Qg4 Kg6 26. hxg5 fxg5 27. Nxe7+ Rxe7 28. Ne5+ Kg7 29. Rxf8 Kxf8 30. Ng6+ Ke8 31. Nxe7 Kxe7 32. Qg3 Qc6 33. Qe5 Qd5 34. Qg7+ Ke8 35. Qf7+ Kd8 36. e7+ Kc7 37. e8Q+ 1-0

[Event "SLO-chT Central Superliga 10th"]
[Site "Slovenija"]
[Date "2009.10.01"]
[Round "3.3"]
[White "Skok, Joze"]
[Black "Ogradi, Gregor"]
[Result "1-0"]
[WhiteElo "2038"]
[BlackElo "2087"]
[PlyCount "79"]
[EventDate "2009.09.17"]
[EventType "team-tourn"]
[EventRounds "9"]
[EventCountry "SLO"]
[SourceTitle "EXT 2022"]
[Source "ChessBase"]
[SourceDate "2021.10.06"]
[SourceVersion "1"]
[SourceVersionDate "2021.10.06"]
[SourceQuality "1"]
[WhiteTeam "Domzale SD"]
[BlackTeam "Komenda Popotnik"]
[WhiteTeamCountry "SLO"]
[BlackTeamCountry "SLO"]

1. e4 c5 2. c3 Nf6 3. e5 Nd5 4. d4 cxd4 5. Nf3 Nc6 6. cxd4 d6 7. Bc4 e6 8. 0-0 Be7 9. Qe2 0-0 10. Nc3 Nxc3 11. bxc3 Bd7 12. Rb1 Na5 13. exd6 Bxd6 14. Bd3 Qc7 15. Bd2 Rac8 16. h3 a6 17. Ng5 h6 18. Ne4 Be7 19. Qh5 f5 20. Ng3 Bf6 21. Rfe1 b5 22. Qf3 Nc4 23. Bf4 Qc6 24. Qe2 Nb6 25. Bd2 Qd5 26. Nh5 Na4 27. Nf4 Qxa2 28. Ra1 Qb3 29. Reb1 Nxc3 30. Rxb3 Nxe2+ 31. Nxe2 Rc6 32. Rba3 Bc8 33. Rc3 Rd6 34. Bf4 Rxd4 35. Nxd4 Bxd4 36. Rac1 Bxc3 37. Rxc3 g5 38. Be5 Rd8 39. Be2 Bd7 40. Rd3 1-0

[Event "Ljubljana-chT"]
[Site "Gostovanja"]
[Date "2009.02.19"]
[Round "7.2"]
[White "Glavac, Igor"]
[Black "Ogradi, Gregor"]
[Result "0-1"]
[WhiteElo "1796"]
[BlackElo "2086"]
[PlyCount "38"]
[EventDate "2009.01.08"]
[EventType "team-tourn"]
[EventRounds "9"]
[EventCountry "SLO"]
[SourceTitle "EXT 2011"]
[Source "ChessBase"]
[SourceDate "2010.11.26"]
[SourceVersion "1"]
[SourceVersionDate "2010.11.26"]
[SourceQuality "1"]

1. d4 d5 2. Nf3 Nf6 3. c4 c6 4. g3 Bf5 5. Bg2 e6 6. 0-0 Nbd7 7. b3 Be7 8. Bb2 Ne4 9. a3 h5 10. c5 h4 11. Nfd2 Ng5 12. e4 dxe4 13. Re1 Nf6 14. Nc3 hxg3 15. hxg3 Bg4 16. Qc2 Nf3+ 17. Bxf3 exf3 18. Nce4 Qd5 19. Nxf6+ gxf6 0-1

[Event "Ljubljana-chT"]
[Site "Gostovanja"]
[Date "2009.02.05"]
[Round "5.3"]
[White "Ogradi, Gregor"]
[Black "Sivic, Klemen"]
[Result "0-1"]
[WhiteElo "2086"]
[BlackElo "2042"]
[PlyCount "78"]
[EventDate "2009.01.08"]
[EventType "team-tourn"]
[EventRounds "9"]
[EventCountry "SLO"]
[SourceTitle "EXT 2011"]
[Source "ChessBase"]
[SourceDate "2010.11.26"]
[SourceVersion "1"]
[SourceVersionDate "2010.11.26"]
[SourceQuality "1"]

1. e4 e6 2. d3 c5 3. Nf3 Nc6 4. g3 g6 5. Bg2 Bg7 6. 0-0 Nge7 7. Nbd2 0-0 8. c3 b6 9. Re1 Ba6 10. Nc4 Qc7 11. Bf4 e5 12. Bg5 Rad8 13. Qa4 Bc8 14. Bxe7 Nxe7 15. Ne3 d5 16. exd5 Nxd5 17. Nxd5 Rxd5 18. d4 cxd4 19. cxd4 exd4 20. Rad1 Ra5 21. Qb3 Be6 22. Rxe6 fxe6 23. Nxd4 Bxd4 24. Rxd4 Re5 25. Rd1 Qc5 26. Bf3 Qb5 27. Qc3 Ref5 28. Bg4 R5f6 29. Rd8 e5 30. Rd2 Rc6 31. Qe3 Rc1+ 32. Bd1 Qc5 33. Qb3+ Kh8 34. Qd3 a5 35. Kg2 Qc6+ 36. f3 Qc5 37. h4 Rc4 38. Qe2 Rd4 39. Rc2 Qd5 0-1

[Event "SLO-chT2"]
[Site "Ljubljana"]
[Date "2007.11.24"]
[Round "8.5"]
[White "Volf, Ziga"]
[Black "Ogradi, Gregor"]
[Result "0-1"]
[WhiteElo "2191"]
[BlackElo "2087"]
[PlyCount "78"]
[EventDate "2007.11.15"]
[EventType "team"]
[EventRounds "9"]
[EventCountry "SLO"]
[SourceTitle "CBM 121 Extra"]
[Source "ChessBase"]
[SourceDate "2008.01.10"]
[SourceVersion "1"]
[SourceVersionDate "2008.01.10"]
[SourceQuality "1"]
[WhiteTeam "Krka Novo Mesto"]
[BlackTeam "Komenda"]
[WhiteTeamCountry "SLO"]
[BlackTeamCountry "SLO"]

1. d4 d5 2. Nf3 Nf6 3. c4 c6 4. g3 Bf5 5. Bg2 Nbd7 6. Nbd2 e6 7. 0-0 Ne4 8. c5 Be7 9. Ne1 Nxd2 10. Qxd2 e5 11. b4 e4 12. a4 h5 13. h3 Nf6 14. Nc2 Qd7 15. Kh2 h4 16. g4 Bxg4 17. hxg4 h3 18. Bh1 Nxg4+ 19. Kg1 h2+ 20. Kg2 Qf5 21. Qf4 Qh5 22. Ra3 e3 23. Qg3 Bh4 24. Rxe3+ Nxe3+ 25. Qxe3+ Kf8 26. Qf4 Qg6+ 27. Kf3 Qxc2 28. e4 Qd3+ 29. Kg2 Bg5 30. Qf3 Qxf3+ 31. Kxf3 Bxc1 32. Rxc1 dxe4+ 33. Kxe4 Re8+ 34. Kd3 Rh3+ 35. Kc4 Re6 36. d5 Rg6 37. dxc6 bxc6 38. Be4 Rg1 39. Rc2 Rh4 0-1

[Event "SLO-chT2"]
[Site "Ljubljana"]
[Date "2007.11.18"]
[Round "5.6"]
[White "Djuric, Petar2222"]
[Black "Ogradi, Gregor"]
[Result "0-1"]
[WhiteElo "1583"]
[BlackElo "2087"]
[PlyCount "70"]
[EventDate "2007.11.15"]
[EventType "team"]
[EventRounds "9"]
[EventCountry "SLO"]
[SourceTitle "CBM 121 Extra"]
[Source "ChessBase"]
[SourceDate "2008.01.10"]
[SourceVersion "1"]
[SourceVersionDate "2008.01.10"]
[SourceQuality "1"]
[WhiteTeam "Kranj Stari Mayr"]
[BlackTeam "Komenda"]
[WhiteTeamCountry "SLO"]
[BlackTeamCountry "SLO"]

1. f4 d5 2. Nf3 Nf6 3. g3 g6 4. Bg2 Bg7 5. 0-0 0-0 6. d3 c5 7. Nc3 Nc6 8. e4 d4 9. Ne2 e5 10. c3 Nd7 11. f5 c4 12. fxg6 hxg6 13. dxc4 Nc5 14. cxd4 exd4 15. Nf4 Nxe4 16. Nd2 Nxd2 17. Bxd2 Ne5 18. Qb3 Bd7 19. Rac1 Bc6 20. Nd5 Rc8 21. Rce1 Re8 22. Bf4 Qd7 23. h3 Ba4 24. Qb4 Rxc4 25. Qa3 Rc2 26. Rf2 Nf3+ 27. Bxf3 Rxe1+ 28. Kg2 Rh1 29. g4 Rxf2+ 30. Kxf2 Rxh3 31. Ne7+ Kh7 32. Kg2 Rxf3 33. Kxf3 Bd1+ 34. Kf2 Qxg4 35. Qd3 Qxf4+ 0-1

[Event "SLO-chT2"]
[Site "Ljubljana"]
[Date "2007.11.17"]
[Round "4.5"]
[White "Marinc, Damir"]
[Black "Ogradi, Gregor"]
[Result "1/2-1/2"]
[WhiteElo "2027"]
[BlackElo "2087"]
[PlyCount "93"]
[EventDate "2007.11.15"]
[EventType "team"]
[EventRounds "9"]
[EventCountry "SLO"]
[SourceTitle "CBM 121 Extra"]
[Source "ChessBase"]
[SourceDate "2008.01.10"]
[SourceVersion "1"]
[SourceVersionDate "2008.01.10"]
[SourceQuality "1"]
[WhiteTeam "Kocevje"]
[BlackTeam "Komenda"]
[WhiteTeamCountry "SLO"]
[BlackTeamCountry "SLO"]

1. d4 d5 2. Nf3 Nf6 3. Bg5 c6 4. Nbd2 Bf5 5. e3 Nbd7 6. Be2 e6 7. 0-0 Be7 8. c3 0-0 9. h3 Re8 10. Bf4 c5 11. g4 Bg6 12. Nh4 Nf8 13. Bb5 N6d7 14. Nxg6 Nxg6 15. Bg3 a6 16. Bd3 Bh4 17. Qf3 Rc8 18. Rad1 Be7 19. Qh1 Qb6 20. Rb1 Bd6 21. Kh2 cxd4 22. cxd4 Bxg3+ 23. Kxg3 Qa5 24. Rfd1 Rc6 25. h4 Qc7+ 26. Kh3 e5 27. Qxd5 Rd6 28. Qc4 Qd8 29. Bxg6 Rxg6 30. Nf3 Qf6 31. Qe2 e4 32. Ne5 Nxe5 33. dxe5 Qxe5 34. Rd4 h5 35. g5 Qf5+ 36. Kh2 f6 37. Rg1 fxg5 38. Qxh5 Rf8 39. Rg2 Qe5+ 40. Kh1 Rh6 41. Qxg5 Qxg5 42. Rxg5 Rxf2 43. Rxe4 Rc6 44. Re7 Rc1+ 45. Rg1 Rxg1+ 46. Kxg1 Rxb2 47. e4 1/2-1/2

[Event "SLO-chT Central 1st League"]
[Site "Slovenija"]
[Date "2005.10.06"]
[Round "4"]
[White "Bozic, Anton"]
[Black "Ogradi, Gregor"]
[Result "0-1"]
[WhiteElo "2136"]
[BlackElo "2091"]
[PlyCount "104"]
[EventDate "2005.09.15"]
[EventType "team-tourn"]
[EventRounds "9"]
[EventCountry "SLO"]
[SourceTitle "EXT 2022"]
[Source "ChessBase"]
[SourceDate "2021.10.06"]
[SourceVersion "1"]
[SourceVersionDate "2021.10.06"]
[SourceQuality "1"]

1. e4 e5 2. Nf3 Nc6 3. Bc4 Bc5 4. 0-0 d6 5. h3 Nf6 6. c3 Bb6 7. Re1 h6 8. d4 Qe7 9. Qd3 a6 10. a4 g5 11. Be3 g4 12. dxe5 gxf3 13. exf6 Qxf6 14. e5 Nxe5 15. Bxb6 Rg8 16. g3 cxb6 17. Nd2 Kf8 18. Ne4 Nxd3 19. Nxf6 Rxg3+ 20. fxg3 f2+ 21. Kf1 fxe1Q+ 22. Rxe1 Nxe1 23. Kxe1 Bxh3 24. Kf2 Be6 25. Bd3 Ke7 26. Nh5 Bb3 27. Ng7 Rh8 28. Nf5+ Kd7 29. Nd4 Bxa4 30. Bf5+ Kc7 31. Ke3 Bd7 32. Kf4 Bxf5 33. Kxf5 Rg8 34. g4 d5 35. Kf4 Rg5 36. Nf5 Rxf5+ 37. Kxf5 Kd7 38. Kf6 Ke8 39. Ke5 Ke7 40. Kxd5 f6 41. Ke4 Ke6 42. c4 f5+ 43. gxf5+ Kf6 44. Kd5 h5 45. Kd6 h4 46. Kc7 h3 47. Kxb7 h2 48. Kxa6 h1Q 49. b4 Qg1 50. Kb5 Kxf5 51. c5 bxc5 52. bxc5 Ke6 0-1

[Event "SLO Cup"]
[Site "Gostovanja"]
[Date "2005.05.16"]
[Round "1"]
[White "Burnazovic, Ervin"]
[Black "Ogradi, Gregor"]
[Result "0-1"]
[WhiteElo "2349"]
[BlackElo "1921"]
[PlyCount "64"]
[EventDate "2005.05.16"]
[EventType "team"]
[EventRounds "4"]
[EventCountry "SLO"]
[SourceTitle "EXT 2009"]
[Source "ChessBase"]
[SourceDate "2008.11.26"]
[SourceVersion "1"]
[SourceVersionDate "2008.11.26"]
[SourceQuality "1"]
[WhiteTeam "Maribor Branik"]
[BlackTeam "Popotnik Komenda"]
[WhiteTeamCountry "SLO"]
[BlackTeamCountry "SLO"]

1. e4 e5 2. Nf3 Nc6 3. Bb5 a6 4. Ba4 Nf6 5. 0-0 Be7 6. Re1 b5 7. Bb3 0-0 8. a4 Bb7 9. Nc3 b4 10. Nd5 Bc5 11. c3 bxc3 12. bxc3 d6 13. Rb1 Nxd5 14. Bxd5 Bb6 15. d3 Rb8 16. Be3 Ba8 17. Bxb6 cxb6 18. Bc4 Qc8 19. Nd2 Na5 20. Qc2 Nxc4 21. Nxc4 Qc5 22. Ne3 b5 23. axb5 axb5 24. Rb3 f6 25. Reb1 f5 26. c4 fxe4 27. Rxb5 Rxb5 28. Rxb5 exd3 29. Qxd3 Qa7 30. Qxd6 Qf7 31. Rb2 Qf4 32. Rb8 Qxf2+ 0-1